000 01054nam a22003017a 4500
001 5842
003 FISKH
005 20250124115527.0
008 250124b cb ||||| |||| 00| 0 eng d
020 _a9780545442572
040 _aFISKH
_beng
_cFISKH
_dFISKH
050 _aDT61.B676
082 _a932.01
100 _aBoyer, Crispin
245 _aEverything ancient Egypt :
_bDig into a treasure trove of facts, photos, and fun ! /
_cBy Chrispin Boyer with Egyptologist James P. Allen
250 _aFirst Scholastic printing , March 2012
260 _aNew York :
_bScholastic ,
_c2012.
300 _a64 pages :
_bcolor illustrations ;
_c24 cm .
490 _aNational Geographic Kids Everything
505 _aZ
520 _aDiscusses the mysteries of ancient Egypt, and includes facts covering treasure, pyramids, mummies, and pharaohs.
521 8 _a1100
_bLexile
521 8 _aZ
_bRaz-Plus
650 _aancient history
_vnon-fiction
700 _aAllen, James P.
_eEgyptologist
942 _2ddc
_cBK
_n0
999 _c5842
_d5842